|
|
|
|
| LEADER |
00000nab a2200000 a 4500 |
| 001 |
vtls000476991 |
| 003 |
SK-MaSNL |
| 005 |
20260304023724.0 |
| 008 |
201120c1992 xo 0 slo |
| 015 |
|
|
|a SNBRB19rr/mm-uuuuu
|
| 035 |
|
|
|a CL0477125
|
| 040 |
|
|
|a SNKBUCL
|b slo
|c SNKBUCL
|e AACR2
|
| 041 |
0 |
|
|a slo
|
| 044 |
|
|
|a xo
|c SK
|
| 080 |
|
|
|a 885.4-1
|2 1981
|
| 080 |
|
|
|a 398.8(=854)
|2 1981
|
| 080 |
|
|
|a 784.4
|2 1981
|
| 245 |
0 |
0 |
|a Chodila Mária, chodila po svete ; upravila Mária Ďuríčková ; ilustrovala Ľuba Končeková-Veselá
|
| 650 |
0 |
7 |
|a slovenské ľudové piesne
|2 snkbucl
|9 3454
|
| 650 |
0 |
7 |
|a koledy
|2 snkbucl
|9 3441
|
| 655 |
|
7 |
|a články z novín a časopisov
|2 snkbucl
|9 267496
|
| 655 |
|
7 |
|a články z odboru literárna veda a krásna literatúra
|2 snkbucl
|9 770045
|
| 700 |
1 |
|
|a Ďuríčková, Mária,
|d 1919-2004
|4 adp
|9 200338
|
| 700 |
1 |
|
|a Končeková-Veselá, Ľuba,
|d 1942-
|4 ill
|9 219100
|
| 773 |
0 |
|
|t Slniečko
|g Roč. 47, č. 4 (1992), s. 4-5
|
| 850 |
|
|
|a Slovenská národná knižnica v Martine
|a MTA001
|
| 852 |
|
|
|a SNK
|b KIS3GCP
|
| 958 |
|
|
|a RK
|
| 958 |
|
|
|a LX
|
| 992 |
|
|
|a RBX
|
| 999 |
|
|
|c 2618021
|d 2619951
|